Statistiques concernant Séries de jeux vidéo les plus vendues

Cliquez ici pour prendre le quiz!

Statistiques générales

  • Ce quiz a été pris 161 fois
  • Le résultat moyen est 7 sur 15

Statistiques - réponses

Ventes (en millions)Série% Correct
734Super Mario Bros.
92%
250Call of Duty
73%
163Grand Theft Auto
71%
82The Legend of Zelda
66%
164FIFA
64%
321Pokémon
58%
115Sonic the Hedgehog
50%
425Tetris
45%
106Minecraft
44%
82Assassin's Creed
38%
111Final Fantasy
36%
175Les Sims
33%
90Resident Evil
25%
150Need for Speed
19%
72Gran Turismo
16%

Distribution des résultats

Percentile par nombre de réponses

% des personnes avec chaque résultat

Votre développement - résultats

Vous n’avez pas pris ce quiz